000 00273nam a2200121Ia 4500
005 20251222143215.0
008 251222s9999||||xx |||||||||||||| ||spa||
020 _a9972-858-08-1
082 _a372.372/A42G
245 0 _aHechos para Amar:
264 _bAlafa
942 _cLIB
999 _c13602
_d13602